| 000 | 00595nam a2200205Ia 4500 | ||
|---|---|---|---|
| 008 | 160319s9999 xx 000 0 und d | ||
| 020 | _a9716300417 | ||
| 050 | _a808.83 | ||
| 050 | _bB641p 1996 | ||
| 100 | _aBlanco, Marivi Soliven | ||
| 245 | _a Philippine fright : | ||
| 245 | _b13 scary stories / | ||
| 245 | _cMarivi Soliven Blanco ; illustrated by Reinard P. Santos. | ||
| 260 | _bTahanan Books for Young Readers | ||
| 260 | _c1996 | ||
| 300 | _a103 pages : | ||
| 300 | _billustrations (some col.) ; | ||
| 300 | _c23 cm. | ||
| 650 | _aShort stories -- Philippine (English) | ||
| 999 |
_c292283 _d292283 |
||